| 000 | 00792nmc a2200253 a 4500 | ||
|---|---|---|---|
| 003 | AR-BaBNM | ||
| 005 | 20251128205208.0 | ||
| 008 | 011101s1996 ||||||||||||||000 | spa|| | ||
| 020 | _a950-550-195-1 | ||
| 040 | _cAR-BaBNM | ||
| 100 | 1 | _aImbernón, Francisco | |
| 245 | 1 | 0 |
_aEn busca del discurso educativo _bla escuela, la innovación educativa, el currículum, el maestro y su formación |
| 260 |
_aBuenos Aires _bMagisterio del Río de la Plata _c1996 |
||
| 300 | _a127 p. | ||
| 490 | 0 | _aRespuestas educativas | |
| 504 | _aBibliografía: p. 125-127 | ||
| 650 | 4 | _aCURRICULO | |
| 650 | 4 | _aFORMACION DE DOCENTES | |
| 650 | 4 | _aPERFIL PROFESIONAL DEL DOCENTE | |
| 653 | _aINNOVACIONES EDUCATIVAS | ||
| 653 | _aPROCESO DE ENSENANZA-APRENDIZAJE | ||
| 942 | _cBK | ||
| 998 | _cSILVI | ||
| 999 |
_c10403 _d10403 |
||